LEADER 01141nam0 2200325 450 001 000034058 005 20211222140557.0 010 $a978-88-91-90262-7 100 $a20211222d2019----km-y0itay50------ba 101 0 $aita$aeng 102 $aIT 105 $aa-------001yy 200 1 $aStatistica$fDavide M. Levine, Kathryn A. Szabat, David F. Stefhan$gedizione italiana a cura di Giuseppe Arbia, Giancarlo Ragozzini, H. Jost Reinhold 205 $a7. ed. 210 $aMilano$cPearson$dc2018 215 $aXVIII, 468 p.$cill.$d26 cm 300 $aSulla copertina: codice per accedere alla piattaforma MyLab. 451 1$a001000029029 500 10$aBusiness Statistics : A First Course.$92570355 610 1 $aStatistica 676 $a519.5$v22$9Statistica matematica 700 1$aLevine,$bDavide M.$01073938 701 1$aSzasbat,$bKathryn A.$01073939 701 1$aStephan,$bDavid F.$0761096 702 1$aArbia,$bGiuseppe 801 0$aIT$bUNIPARTHENOPE$c20211222$gRICA$2UNIMARC 912 $a000034058 951 $a519-S/12$b48400$cNAVA1$d2021 996 $aBusiness Statistics : A First Course$92570355 997 $aUNIPARTHENOPE